Administrative change in the Gulf: modernization in Bahrain and Oman (Record no. 79009)

000 -LEADER
fixed length control field 01503pab a2200181 454500
008 - FIXED-LENGTH DATA ELEMENTS--GENERAL INFORMATION
fixed length control field 180718b2008 xxu||||| |||| 00| 0 eng d
100 ## - MAIN ENTRY--PERSONAL NAME
Personal name Common, Richard
245 ## - TITLE STATEMENT
Title Administrative change in the Gulf: modernization in Bahrain and Oman
260 ## - PUBLICATION, DISTRIBUTION, ETC.
Date of publication, distribution, etc. 2008
300 ## - PHYSICAL DESCRIPTION
Extent p.177-93.
362 ## - DATES OF PUBLICATION AND/OR SEQUENTIAL DESIGNATION
Dates of publication and/or sequential designation Jun
520 ## - SUMMARY, ETC.
Summary, etc. States in the Middle East tend to be overlooked by researchers in comparative public administration. However, these states offer potentially useful insights into the nature of administrative change as they defy standard assumptions about pressures for reform. The aim of the article is to provide an account of reform by analysing important contextual factors in Bahrain and Oman. Given the large gap in the literature regarding the Gulf States, this article is supplemented by observations and evidence gathered on regular visits to both countries by the researcher. The analysis reveals systems of public administration highly resistant to international reform trends. Many of these factors are situational; including highly centralized political systems, tradition and strong national and administrative cultures. It is concluded that while reform processes are emerging in these countries, they are slow and evolutionary and are more adapted to the domestic rather than the international context. - Reproduced.
650 ## - SUBJECT ADDED ENTRY--TOPICAL TERM
Topical term or geographic name entry element Public administration
650 ## - SUBJECT ADDED ENTRY--TOPICAL TERM
Topical term or geographic name entry element Administrative reform
773 ## - HOST ITEM ENTRY
Main entry heading International Review of Administrative Sciences
908 ## - PUT COMMAND PARAMETER (RLIN)
Put command parameter N
909 ## -
-- 79009
Holdings
Withdrawn status Lost status Damaged status Not for loan Permanent Location Current Location Date acquired Serial Enumeration / chronology Barcode Date last seen Price effective from Koha item type
        Indian Institute of Public Administration Indian Institute of Public Administration 2018-07-19 Volume no: 74, Issue no: 2 AR79469 2018-07-19 2018-07-19 Articles

Powered by Koha